000 01030 a2200217 4500
001 22213
005 20260407155511.0
008 260407a2002 arg spa d
003 AR-UNSa-BCEJYS
040 _aAR-UNSa-BCEJYS
_bspa
_cAR-UNSa-BCEJYS
080 _a336.13
_xFinanzas del sector público
245 1 0 _aEconomía del sector público
020 _a958-41-0295-8
264 1 _aBogotá :
_bMcGraw-Hill Interamericana
_c2002
300 _aviii, 201 p.
_c23 cm.
505 _a1. La superioridad del sistema de economía mixto - 2. La lógica del sistema de competencia - 3. El rol del sector público - 4. Las reglas de financiación compulsivo - 5. Imposición a la renta - 6. Imposición a la ventas - 7. Imposición patrimonial y tasas - 8. Federalismo Fiscal - 9. La financiación compulsiva en un contexto internacional.
942 _cBK
590 _aniveau_biblio:m niveau_hierar:0
100 1 _aMacon, Jorge
856 4 1 _uhttps://www.biblioeco.unsa.edu.ar/pmb/images/libros/L127478.jpg
_yImagen de portada
_qimage/jpeg
999 _c933
_d933